000 00294nam a2200133Ia 4500
008 100328s9999 xx 000 0 und d
082 _b63318
100 _aMartini Steve.
245 _aThe List.
260 _bHeadline books.
630 _aThe List.
730 _aThe List.
942 _cBOOK
999 _c549207
_d549204